Macroeconomics and the global business environment / (Record no. 13514)

000 -LEADER
fixed length control field 01351cam a22003254a 4500
001 - CONTROL NUMBER
control field 13590197
005 - DATE AND TIME OF LATEST TRANSACTION
control field 20180221020037.0
008 - FIXED-LENGTH DATA ELEMENTS--GENERAL INFORMATION
fixed length control field 040512s2005 njuab b 001 0 eng
010 ## - LIBRARY OF CONGRESS CONTROL NUMBER
LC control number 2004049162
020 ## - INTERNATIONAL STANDARD BOOK NUMBER
International Standard Book Number 0471644552
040 ## - CATALOGING SOURCE
Original cataloging agency DLC
Transcribing agency DLC
Modifying agency DLC
042 ## - AUTHENTICATION CODE
Authentication code pcc
050 00 - LIBRARY OF CONGRESS CALL NUMBER
Classification number HB172.5
Item number .M45 2005
082 00 - DEWEY DECIMAL CLASSIFICATION NUMBER
Classification number 339
Edition number 22
100 1# - MAIN ENTRY--PERSONAL NAME
Personal name Miles, David
Fuller form of name (David D.)
245 10 - TITLE STATEMENT
Title Macroeconomics and the global business environment /
Statement of responsibility, etc. David Miles, Andrew Scott.
250 ## - EDITION STATEMENT
Edition statement 2nd ed.
260 ## - PUBLICATION, DISTRIBUTION, ETC. (IMPRINT)
Place of publication, distribution, etc. Hoboken, NJ :
Name of publisher, distributor, etc. Wiley,
Date of publication, distribution, etc. c2005.
300 ## - PHYSICAL DESCRIPTION
Extent xiv, 610 p. :
Other physical details ill. (some col.), col. map ;
Dimensions 24 cm.
500 ## - GENERAL NOTE
General note Rev. ed. of: Macroeconomics. c2002.
504 ## - BIBLIOGRAPHY, ETC. NOTE
Bibliography, etc Includes bibliographical references and index.
650 #0 - SUBJECT ADDED ENTRY--TOPICAL TERM
Topical term or geographic name as entry element Macroeconomics.
700 1# - ADDED ENTRY--PERSONAL NAME
Personal name Scott, Andrew,
Dates associated with a name 1965-
700 1# - ADDED ENTRY--PERSONAL NAME
Personal name Miles, David
Fuller form of name (David D.)
Title of a work Macroeconomics.
856 42 - ELECTRONIC LOCATION AND ACCESS
Materials specified Publisher description
Uniform Resource Identifier <a href="http://www.loc.gov/catdir/description/wiley042/2004049162.html">http://www.loc.gov/catdir/description/wiley042/2004049162.html</a>
856 41 - ELECTRONIC LOCATION AND ACCESS
Materials specified Table of contents
Uniform Resource Identifier <a href="http://www.loc.gov/catdir/toc/wiley041/2004049162.html">http://www.loc.gov/catdir/toc/wiley041/2004049162.html</a>
906 ## - LOCAL DATA ELEMENT F, LDF (RLIN)
a 7
b cbc
c orignew
d 1
e ocip
f 20
g y-gencatlg
942 ## - ADDED ENTRY ELEMENTS (KOHA)
Source of classification or shelving scheme
Koha item type Hard Covered Materials
Classification part HB 172.5 .M45 2005
Koha issues (borrowed), all copies 1
Holdings
Withdrawn status Lost status Source of classification or shelving scheme Damaged status Not for loan Home library Current library Shelving location Date acquired Source of acquisition Total Checkouts Full call number Barcode Date last seen Date last checked out Price effective from Koha item type
          MACHAKOS UNIVERSITY LIBRARY MACHAKOS UNIVERSITY LIBRARY Open shelf 11/08/2016 Donation (BFA) 1 HB 172.5 .M45 2005 22698 06/06/2019 20/02/2018 11/08/2016 Hard Covered Materials
© Machakos University Library, Along The Highway, Machakos Wote Rd, Machakos, Kenya P.O. Box 136 - 90100 Machakos - Kenya

Tel: ( +254 ) 723 805829 OR Fax : 044-20353 OR Email: library@mksu.ac.ke